00758 a2200169 45000010006000000050017000060080041000230030015000640400040000790800038001192450083001572640038002403000019002785050242002971000024005397000025005635313620260407155805.0260407a1975 arg spa dAR-UNSa-BCEJYS aAR-UNSa-BCEJYSbspacAR-UNSa-BCEJYS a331.5xMercado de Trabajo. Empleo10aTécnicas de planificación del empleo y mercado de trabajo en latinoamerica 1aBuenos Aires :bEl Coloquioc1975 a177 p.c21 cm. aI. Técnicas de planificación del empleo - 1. El equilibrio cuantitativo - 2. El equilibrio de las calificaciones - 3. El equilibrio espacial - 4. La contabilidad social en tiempo de trabajo - II. La evolución del mercado de trabajo1 aFreyssinet, Jacques1 aNeffa, Julio César